Größte Orte im Landkreis Rostock - Statistiken

Allgemein
  • Dieses Quiz wurde 44 mal gespielt
  • Das Durchschnittsergebnis liegt bei 7 aus 15
Antwortstatistiken
Einwohner Ort % Korrekt
29.556 Güstrow
86%
12.954 Bad Doberan
83%
8.181 Bützow
63%
8.037 Kühlungsborn
60%
6.549 Laage
49%
6.564 Sanitz
49%
5.070 Schwaan
49%
8.434 Teterow
49%
4.829 Kröpelin
43%
4.183 Graal-Müritz
40%
4.037 Neubukow
37%
6.079 Satow
37%
4.012 Tessin
37%
7.624 Dummerstorf
31%
4.243 Elmenhorst/Lichtenhagen
11%
Keine übereinstimmenden Quizze gefunden
Verteilung der Resultate
Anzahl Personen mit jedem Resultat
Perzentil nach korrekt beantworteten Fragen
Ihre Resultats-Entwicklung
Sie haben dieses Quiz noch nicht gespielt